| 000 | 01179nam a2200265Ia 4500 | ||
|---|---|---|---|
| 999 |
_c55671 _d55671 |
||
| 001 | 22766 | ||
| 003 | GE_BSU | ||
| 005 | 20230518123746.0 | ||
| 008 | 181216s ||||ge |||||||||||||| ||geo|| | ||
| 020 | _a9789941260544 | ||
| 040 | _cGE_BSU | ||
| 041 | _ageo | ||
| 080 | _a821.112.2-1 ლ-34 | ||
| 100 |
_aლეგე, ლუდვიგ _918119 |
||
| 245 |
_aლირიკული აღიარება : _bლექსები / _cლუდვიგ ლეგე ; მხატვარი სოფო სანიკიძე. |
||
| 250 | _aI გამოცემა | ||
| 264 |
_aთბილისი : _bუნივერსალი, _c2017. |
||
| 300 |
_a54 გვ. : _b [5] ჩართ. ფ. ილ. ; _c19 სმ. |
||
| 500 | _aთავფურცლის მე-2 გვერდი გერმანულ ენაზე, ლექსები ქართულ და გერმანულ ენებზე | ||
| 541 | _h3 ლ. | ||
| 653 | _aლექსები | ||
| 653 | _aლირიკული აღიარება | ||
| 700 |
_aსანიკიძე, სოფო _eმხატვარი _918120 |
||
| 942 |
_cBK _2udc |
||